000 00589nam a2200181 4500
001 112334
003 ES-MaACL
005 20230906185517.0
007 t|
008 061121s1961 sp r ||||1| spa d
100 1 _aNielander, William A.
_985632
245 1 0 _aRelaciones públicas /
_cWilliam A. Nielander, Raymond W. Miller; [traducción de Fernando Ruiz Gabas].
260 _aBarcelona :
_bEd. Hispano-Europea,
_c1961.
300 _aXV, 418 p. ;
_c24 cm.
700 1 _aMiller, Raymond W.
_981228
700 0 _aRuiz Gabás, Fernando.
_9100807
852 _aES-MaACL
_jC-20669
_bR.49374
999 _c112334
_d112334